• 首页
  • 本馆介绍
  • 公告通知
  • 最新文献
  • 馆藏检索
  • 电子资源
  • 读者导购
  • 参考咨询
  • 我的图书馆
  • 登录
  • 详细信息显示
  • 放入我的书架
  • 预约/预借图书
  • 作者相关作品
  • 分类相关作品
  • 丛书相关作品
  • 出版社相关作品

书目信息

  • 表格格式
  • 工作单格式
  • 卡片格式
题名:
数字图书馆原理与技术
    
 
作者: 黄如花 主编
分册:  
出版信息: 武汉   武汉大学出版社  2005
页数: 404页
开本: 21cm
丛书名:
单 册:
中图分类: G250.76
科图分类:
主题词: 数字图书馆--高等学校--教材 , 数字图书馆
电子资源:
ISBN: 7-307-04557-5
000 01048nam0 2200253 450
001 012007672361
005 20070525154908.37
010    @a7-307-04557-5@dCNY21.00
100    @a20070517d2005 km y0chiy0120 ea
101 0  @achi
102    @aCN@b420000
105    @ay z 000yy
106    @ar
200 1  @a数字图书馆原理与技术@Ashu zi tu shu guan yuan li yu ji shu@f黄如花主编@Fhuang ru hua zhu bian
210    @a武汉@c武汉大学出版社@d2005
215    @a404页@d21cm
300    @a高等学校图书馆学核心课教材
330    @a本书系统阐述了数字图书馆的相关概念、数字图书馆产生与发展的社会背景、国内外数字图书馆的研究与建设情况、数字图书馆的组织与实施、数字信息资源的建设与处理、数字图书馆信息检索、数字图书馆信息服务、数字信息的长期保存与维护、数字图书馆应用、数字图书馆的经济法律与社会问题、数字图书馆人力资源管理以及数字图书馆教育等问题。
606 0  @a数字图书馆@x高等学校@j教材
606 0  @a数字图书馆
690    @aG250.76@v4
701  0 @a黄如花@Ahuang ru hua@c(女,@f1968~)@4主编
801  0 @aCN@bRULIN@c20070525
905    @dG250.76@e112@s5
    
    数字图书馆原理与技术/黄如花主编.-武汉:武汉大学出版社,2005
    404页;21cm
    高等学校图书馆学核心课教材
    
    ISBN 7-307-04557-5:CNY21.00
    本书系统阐述了数字图书馆的相关概念、数字图书馆产生与发展的社会背景、国内外数字图书馆的研究与建设情况、数字图书馆的组织与实施、数字信息资源的建设与处理、数字图书馆信息检索、数字图书馆信息服务、数字信息的长期保存与维护、数字图书馆应用、数字图书馆的经济法律与社会问题、数字图书馆人力资源管理以及数字图书馆教育等问题。
●
相关链接 在E读中查询图书 在五车中查询图书 在当当中查询图书 在豆瓣中查询图书


正题名:数字图书馆原理与技术     索取号:G250.76/112         预约/预借

序号 登录号 条形码 馆藏地/架位号 状态 备注
1 0581146   205811460   第一样本阅览室/ [索取号:G250.76/112] 在馆    
2 0581147   205811479   第四借阅区/ [索取号:G250.76/112] 在馆    
3 0581148   205811488   第四借阅区/ [索取号:G250.76/112] 在馆    
4 0581149   205811497   第四借阅区/ [索取号:G250.76/112] 在馆    
5 0581150   205811503   第四借阅区/ [索取号:G250.76/112] 在馆    
唐山师范学院图书馆 欢迎您!
大连网信软件有限公司© 版权所有